Statistiken für Nördlichste Länder A-Z

Klicken Sie hier um das Quiz zu spielen!

Allgemein

  • Dieses Quiz wurde 49.125 mal gespielt
    (42.345 seit der letzten Aktualisierung)
  • Das Durchschnittsergebnis liegt bei 16 aus 22

Antwortstatistiken

BuchstabeLand% Korrekt
RRussland
96%
FFinnland
95%
DDänemark
94%
NNorwegen
93%
SSchweden
93%
KKanada
92%
EEstland
89%
IIsland
87%
LLettland
85%
BBelgien
81%
VVereinigte Staaten
81%
CChina
78%
ZZypern
74%
PPolen
72%
JJapan
70%
MMongolei
60%
UUkraine
50%
GGeorgien
48%
AAndorra
47%
HHaiti
43%
OÖsterreich
41%
TTschechien
38%

Verteilung der Resultate

Perzentil nach korrekt beantworteten Fragen

Anzahl Personen mit jedem Resultat

Ihre Resultats-Entwicklung

Sie haben dieses Quiz seit der letzten Aktualisierung nicht gespielt